000 02277cam a22004694i 4500
003 PE-LiUPU
005 20250731172754.0
008 150617s r 000 0 d
020 _a8470572024
035 _a(Sirsi) i9788470572029
040 _aPE-LiUPU
_bspa
_cPE-LiUPU
_erda
049 _aPRUA
082 0 4 _a226.1
_bG68
_221
100 1 _aGomez Caffarena, José,
_eautor.
245 1 1 _a¿Cristianos, Hoy?, diagnóstico y perspectivas de una crisis /
_cJosé Gomez Caffarena.
264 1 _aMadrid :
_bEdiciones Cristiandad,
_c1976.
300 _a292 páginas ;
_c18 centímetros.
336 _atext
_2rdacontent
337 _aunmediated
_2rdamedia
338 _avolume
_2rdacarrier
490 0 _aEpifanía ;
_v32
505 0 _aSecularización: Unos rasgos de historia cristiana -- Religión y proceso de secularización. Ante el proceso científico-Tecnológico: La revolución tecnológica -- Del ateísmo al "agnosticismo" metodológico. El humanismo del hombre del siglo xx: Justificación genérica del humanismo -- Tres dimensiones en el humanismo de hoy. Nuestra presente crisis: La crisis en lo institucional -- Más allá de la crisis. Jesús de Nazareth: Humanismo y trascendencia :Vuelta a los orígenes -- Un profeta nuevo -- El profeta del amor -- Un parentesis necesario: Hacia "el Jesús del siglo xx" -- La cruz y la fe pascual. Creer hoy: Los "dos polos" de la fe -- La fe como entrega y compromiso. Hacer iglesia hoy: Comunidad, carisma, misión -- Eucaristía -- Estructuras y ministerios. Visión teoló.
526 _aSEG42
526 _aSEG41
526 _aSEG40
526 _aSEG39
526 _aP94
526 _aP87
526 _aP86
526 _aP85
526 _aP77
526 _aP76
526 _aP35
650 0 4 _aCristianismo.
910 _ajck
_bjvq
_cjck
_d20150616
942 _2ddc
_cBOOK
949 _a226.1 G68
_wDEWEY
_c1
_i30957
_lCCODEBUL1
_mBUL
_r0
_sY
_tBOOK
_u2015-6-17
_xTEOLOGIA
_PP35
_0COMPRA
_o.STAFF. Colección general
994 _aC0
_bPEPRU
596 _a1
999 _a226.1 G68
_wDEWEY
_c3023
_i30957
_f2021-11-9
_g5
_lCCODEBUL1
_mBUL
_r0
_sY
_tBOOK
_u2015-6-17
_xTEOLOGIA
_PP35
_0COMPRA
_o.STAFF. Colección general
_d3023
980 _81
_gALBERTO SANCHEZ Responsable de Automatización